| 000 | 00467nam a22001457a 4500 | ||
|---|---|---|---|
| 008 | 170510b xxu||||| |||| 00| 0 eng d | ||
| 020 | _a9966499091 | ||
| 050 | _aP 91.3 .M83 1993 | ||
| 100 | _aMuchiri, Mary Nyambura | ||
| 245 |
_aCommunication skills : _ba self-study course for Universities and Colleges / |
||
| 260 |
_aNairobi : _bLongman Kenya Ltd, _cc1993 |
||
| 300 |
_a160 p. : _bill. ; _c21 cm. |
||
| 650 | _aCommunication skills. | ||
| 942 |
_2lcc _cSH_L_BOOKS _029 |
||
| 999 |
_c28921 _d28921 |
||